| Tag |
First Indicator |
Second Indicator |
Subfields |
| LEADER |
00000cam a2200000 4500 |
| 001 |
in00000099394 |
| 005 |
20150926125608.0 |
| 008 |
730307s1965 eng u |
| 010 |
|
|
|a 67061081
|
| 035 |
|
|
|a (OCoLC)00573729
|
| 035 |
|
|
|9 AAL3815AM
|
| 040 |
|
|
|c WSU
|d TXA
|d UtOrBLW
|
| 041 |
1 |
|
|a eng
|a pol
|
| 049 |
|
|
|a TXAM
|c [925737]
|
| 090 |
|
|
|a TP321
|b .R613
|
| 100 |
1 |
|
|a Roga, Blazej.
|
| 245 |
1 |
0 |
|a Analysis of solid fuels (Analiza paliw stalych).
|
| 264 |
|
1 |
|a Warsaw, Poland :
|b Published for the U.S. Department of the Interior and the National Science Foundation, Washingon, D.C., by the Scientific Pubilcations Foreign Cooperation Center of the Central Institute for Scientific and Economic Information,
|c 1965.
|
| 300 |
|
|
|a 608 pages
|
| 336 |
|
|
|a text
|b txt
|2 rdacontent
|
| 337 |
|
|
|a unmediated
|b n
|2 rdamedia
|
| 338 |
|
|
|a volume
|b nc
|2 rdacarrier
|
| 650 |
|
0 |
|a Fuel
|x Analysis.
|
| 700 |
1 |
|
|a Wnekowska, Lidia.
|
| 999 |
|
|
|a MARS
|
| 999 |
f |
f |
|s 09b99538-717c-368f-96d8-ada3681feb81
|i b7a9a1ab-8216-38d5-bb4f-a3b25fa53281
|t 0
|
| 952 |
f |
f |
|p ric
|a Texas A&M University
|b Rellis Campus
|c Joint Library Facility
|d Remote Storage
|t 0
|e TP321 .R613
|h Library of Congress classification
|i unmediated -- volume
|m A14805604602
|
| 998 |
f |
f |
|a TP321 .R613
|t 0
|l Remote Storage
|